000 00697nam a22002297a 4500
003 UA-OsUOA
001 73249
007 ta
008 20110217b un ||||| |||| 00| 0 ukr d
090 _a281.9:008(477)
_bП68
942 _cBK
040 _aUA-OsUOA
_bukr
_cUA-OsUOA
_dUA-OsUOA
245 _aПравослав'я: український вимір
_bНавчальний посібник
_cза ред. П.Ю. Сауха
300 _a384 с.
955 _a2
041 _aukr
080 _a281.9:008(477)
020 _a966-8251-61-Х
260 _aК.
_bКондор
_c2008
650 7 _a281.9 Східна православна церква і скопці
_2UDC
999 _c359532
_d359532